000 00724nam a22002297a 4500
005 20250713095226.0
008 250713b |||||||| |||| 00| 0 eng d
020 _a978-93-89382-45-7 (hbk)
037 _cTB
040 _aCRL
_cCRL
041 _2eng
_aeng
084 _aO111,1:g(U42) R1
_qCRL
100 _aMohanty, Satya
_9815445
245 _aMigrants chronicle and pandemic musings
260 _aOdiha, India:
_bDhauli Books,
_c2021.
300 _a45p.
650 _aEnglish Literature
650 _aEnglish Poem
_9815446
650 _aMigrant
_9810318
942 _2CC
_cTB
_hO111,1:g(U42) R1
_n0
999 _c1433597
_d1433597